000 00647nam a2200253Ia 4500
003 OSt
005 20220918165835.0
006 a|||||r|||| 00| 0
007 ta
008 220917b |||||||| |||| 00| 0 eng d
020 _a8174761136
024 _a31,881
037 _cTextual
040 _aARTS
_cARTS
_beng
041 _2eng
_aeng
082 _aO111,6NSUx, N6
100 _aSuraiya Jug
_925754
245 0 _aGreat Indian bores
260 _aN.Delhi
_bU B S Pub India
_c1996
300 _a217p.
_ccm.
650 _aENGLISH LITERATURE
942 _hO111,6NSUx, N6
_cTEXL
_2CC
999 _c131342
_d131342